000 00622nam a22001937a 4500
005 20251108173550.0
008 250721s2006 xx 000 0 ara d
020 _a9957002325
082 1 4 _a812.9564/ حبي
100 1 _aحبيبي، إميل
_eمؤلف
245 1 0 _aأم الروبابيكيا : هند الباقية في وادي النسناس /
264 1 _aعمان :
_bدار الشروق للنشر و التوزيع،
_c2006.
300 _a59 ص.
650 1 7 _aالمسرحيات العربية
650 1 7 _aالأدب العربي
650 1 7 _aفلسطين
942 _2ddc
_cBK
999 _c106945
_d106945